[Event "Budapest FS08 IM"]
[Site "Budapest"]
[Date "2024.08.05"]
[Round "3"]
[White "Midy, Robin"]
[Black "Strebkovs, Andrejs"]
[Result "0-1"]
[WhiteElo "2155"]
[BlackElo "2278"]
[PlyCount "82"]
[EventDate "2024.08.03"]
[EventType "tourn"]
[EventRounds "9"]
[EventCountry "HUN"]
[EventCategory "1"]
[SourceTitle "CBM 221 Extra"]
[Source "ChessBase"]
[SourceDate "2024.09.30"]
[SourceVersion "1"]
[SourceVersionDate "2024.09.30"]
[SourceQuality "1"]

1. e4 c6 2. Nf3 d5 3. Nc3 a6 4. d4 Bg4 5. e5 e6 6. h3 Bxf3 7. Qxf3 Nd7 8. Bd3 c5 9. Qg3 cxd4 10. Ne2 Qb6 11. 0-0 Ne7 12. c3 dxc3 13. bxc3 Nc6 14. Rb1 Qc7 15. f4 g6 16. h4 Nc5 17. Bc2 Bg7 18. Be3 Nd7 19. h5 0-0 20. Rf3 Ne7 21. Qh4 Nf5 22. Bxf5 exf5 23. Nd4 Rfe8 24. Nxf5 gxf5 25. h6 Bh8 26. Qg5+ Kf8 27. Rg3 Rac8 28. Qxf5 Nc5 29. Qxh7 Ke7 30. Bxc5+ Qxc5+ 31. Kh2 b5 32. Re1 Qf2 33. e6 Qxe1 34. Qxf7+ Kd6 35. Qd7+ Kc5 36. Qa7+ Kc4 37. Qh7 Qxe6 38. Qd3+ Kc5 39. Rg6 Qe4 40. Qg3 Re6 41. Qf2+ Qe3 0-1

[Event "Budapest SixDays 07 IM-B"]
[Site "Budapest"]
[Date "2024.08.02"]
[Round "7"]
[White "Strebkovs, Andrejs"]
[Black "Horvath, David G"]
[Result "0-1"]
[WhiteElo "2278"]
[BlackElo "2337"]
[PlyCount "140"]
[EventDate "2024.07.29"]
[EventType "tourn"]
[EventRounds "9"]
[EventCountry "HUN"]
[SourceTitle "CBM 221 Extra"]
[Source "ChessBase"]
[SourceDate "2024.09.30"]
[SourceVersion "1"]
[SourceVersionDate "2024.09.30"]
[SourceQuality "1"]

1. d4 Nf6 2. Nf3 e6 3. Bg5 c5 4. e3 Qb6 5. Nc3 d5 6. Rb1 Nbd7 7. dxc5 Nxc5 8. Bb5+ Bd7 9. Bxf6 gxf6 10. Bxd7+ Nxd7 11. 0-0 f5 12. Qd3 Bg7 13. Nd4 Ne5 14. Qe2 Rc8 15. Qh5 0-0 16. Rfd1 Nc4 17. Qg5 Qd8 18. Qg3 Kh8 19. Nce2 Rg8 20. Qh3 Qg5 21. c3 Bf6 22. Nf3 Qg4 23. Qxg4 fxg4 24. Nd2 Kg7 25. Nxc4 Rxc4 26. Nf4 Be5 27. Nd3 Bd6 28. Kf1 f5 29. a3 Kf6 30. Ke2 Rg6 31. g3 h5 32. Nf4 Rh6 33. Rd4 Rc6 34. Rc1 h4 35. Rd2 Rh8 36. Rdc2 Rhc8 37. Rd2 b5 38. Ng2 h3 39. Nf4 a5 40. Nd3 Rc4 41. Ra1 Bf8 42. Rad1 Ke7 43. Ne5 R4c7 44. Nd3 Kf6 45. Ra1 Rc4 46. Rad1 b4 47. axb4 axb4 48. Nxb4 Bxb4 49. cxb4 Rxb4 50. Ra1 Rcb8 51. Ra2 Ke5 52. Kd3 Rb3+ 53. Ke2 R8b4 54. Rc2 Ke4 55. Ra6 e5 56. Ra2 d4 57. exd4 exd4 58. Rd2 d3+ 59. Kf1 Rc4 60. Rd1 Kf3 61. Ra5 f4 62. gxf4 Rc2 63. Rd5 Rxf2+ 64. Kg1 Rg2+ 65. Kh1 Ke2 66. Rb1 Kd2 67. f5 Kc2 68. Rf1 Rxb2 69. Rc5+ Kd2 70. f6 Ke3 0-1

[Event "Budapest SixDays 07 IM-B"]
[Site "Budapest"]
[Date "2024.07.30"]
[Round "2"]
[White "Hong, Pearson"]
[Black "Strebkovs, Andrejs"]
[Result "1-0"]
[WhiteElo "2091"]
[BlackElo "2278"]
[PlyCount "95"]
[EventDate "2024.07.29"]
[EventType "tourn"]
[EventRounds "9"]
[EventCountry "HUN"]
[SourceTitle "CBM 221 Extra"]
[Source "ChessBase"]
[SourceDate "2024.09.30"]
[SourceVersion "1"]
[SourceVersionDate "2024.09.30"]
[SourceQuality "1"]

1. d4 Nf6 2. c4 g6 3. g3 Bg7 4. Bg2 c5 5. d5 0-0 6. Nc3 d6 7. e4 e6 8. Nge2 exd5 9. exd5 Nbd7 10. 0-0 Ne5 11. b3 Bf5 12. h3 h5 13. Be3 Re8 14. Kh2 Qd7 15. Qd2 h4 16. gxh4 Bxh3 17. Bxh3 Nf3+ 18. Kg2 Nxd2 19. Bxd7 Nxf1 20. Bxe8 Nxe3+ 21. fxe3 Rxe8 22. Kf3 Nd7 23. Rg1 Ne5+ 24. Kf2 f5 25. Nd1 Kf7 26. Nf4 Ng4+ 27. Ke2 Nxe3 28. Nxe3 Rxe3+ 29. Kxe3 Bd4+ 30. Kf3 Bxg1 31. Ne6 Kf6 32. Nd8 b6 33. Nc6 a5 34. Na7 Bh2 35. Nc8 Ke5 36. Nxb6 Kd4 37. Nd7 a4 38. Nf8 axb3 39. axb3 Kc3 40. Nxg6 Bg1 41. Ke2 Kxb3 42. Kd3 Bd4 43. h5 Bg7 44. Ne7 f4 45. Nf5 Be5 46. h6 f3 47. Nxd6 Bxd6 48. h7 1-0

[Event "Budapest SixDays 07 IM-B"]
[Site "Budapest"]
[Date "2024.07.30"]
[Round "3"]
[White "Strebkovs, Andrejs"]
[Black "Midy, Robin"]
[Result "1-0"]
[WhiteElo "2278"]
[BlackElo "2177"]
[PlyCount "117"]
[EventDate "2024.07.29"]
[EventType "tourn"]
[EventRounds "9"]
[EventCountry "HUN"]
[SourceTitle "CBM 221 Extra"]
[Source "ChessBase"]
[SourceDate "2024.09.30"]
[SourceVersion "1"]
[SourceVersionDate "2024.09.30"]
[SourceQuality "1"]

1. d4 d5 2. Nf3 Nf6 3. Bg5 Nbd7 4. e3 c5 5. c3 e6 6. Nbd2 Be7 7. Bd3 b6 8. Ne5 Nxe5 9. dxe5 Nd7 10. Bf4 Qc7 11. Nf3 Bb7 12. h4 h6 13. h5 0-0-0 14. 0-0 Rdg8 15. Qe2 g5 16. hxg6 fxg6 17. e4 g5 18. Bh2 h5 19. exd5 Bxd5 20. Be4 Bxe4 21. Qxe4 g4 22. Nd2 h4 23. Bf4 g3 24. Nc4 b5 25. Qa8+ Nb8 26. Nd6+ Bxd6 27. exd6 Qd7 28. a4 bxa4 29. b3 Rh7 30. Rxa4 Qb7 31. Qxb7+ Rxb7 32. Rc4 Nd7 33. b4 Rb5 34. Be3 Kb7 35. Rxh4 Kc6 36. Rd1 a5 37. bxa5 Rxa5 38. Re4 Ra3 39. c4 Rc3 40. fxg3 Rxg3 41. Bf2 Rgd3 42. Rxd3 Rxd3 43. Rxe6 Rxd6 44. Re4 Rd1+ 45. Kh2 Rc1 46. g4 Nb6 47. g5 Rxc4 48. Re6+ Kc7 49. g6 Nd7 50. Kh3 Ra4 51. Bg3+ Kb7 52. Re7 Kc6 53. Re8 Ra7 54. Bh4 Ra4 55. g7 Ra3+ 56. Kg2 Ra2+ 57. Bf2 Nf6 58. Re6+ Kd5 59. Rxf6 1-0

[Event "Budapest SixDays 07 IM-B"]
[Site "Budapest"]
[Date "2024.07.29"]
[Round "1"]
[White "Badacsonyi, Frankie"]
[Black "Strebkovs, Andrejs"]
[Result "1-0"]
[WhiteElo "2229"]
[BlackElo "2278"]
[PlyCount "117"]
[EventDate "2024.07.29"]
[EventType "tourn"]
[EventRounds "9"]
[EventCountry "HUN"]
[SourceTitle "CBM 221 Extra"]
[Source "ChessBase"]
[SourceDate "2024.09.30"]
[SourceVersion "1"]
[SourceVersionDate "2024.09.30"]
[SourceQuality "1"]

1. d4 d5 2. c4 c6 3. cxd5 cxd5 4. Bf4 Nc6 5. e3 Nf6 6. Nc3 a6 7. Be2 Bf5 8. Nf3 e6 9. Qb3 Na5 10. Qa4+ Nc6 11. Ne5 Qb6 12. Nxc6 bxc6 13. Rc1 Be7 14. Nd1 Qb4+ 15. Qxb4 Bxb4+ 16. Kf1 Kd7 17. Nc3 Bxc3 18. bxc3 Ne4 19. f3 Nd6 20. c4 Nxc4 21. Bxc4 dxc4 22. e4 Bg6 23. Rxc4 f5 24. exf5 Bxf5 25. Kf2 Ra7 26. Rb4 h5 27. Rd1 Ke7 28. Be5 Kf7 29. Rc1 Rc8 30. Ke3 g5 31. Rb6 a5 32. Rcxc6 Rxc6 33. Rxc6 Bb1 34. a4 Ba2 35. Rb6 Bd5 36. Kd2 g4 37. fxg4 hxg4 38. g3 Kg6 39. Rb8 Rh7 40. Rb5 Rxh2+ 41. Kc3 Ra2 42. Rxa5 Kf5 43. Ra7 Bf3 44. Kb4 Bd1 45. a5 Be2 46. Kc5 Rc2+ 47. Kd6 Ra2 48. Rf7+ Ke4 49. Rf4+ Ke3 50. Kxe6 Rxa5 51. d5 Ba6 52. d6 Bc8+ 53. Kf6 Ra6 54. Rc4 Ra8 55. Rxc8 Rxc8 56. d7 Ra8 57. Ke7 Ke4 58. Bf4 Ra7 59. Ke8 1-0

[Event "Liberec Desko op"]
[Site "Liberec"]
[Date "2023.07.22"]
[Round "9"]
[White "Novotny, Jaroslav"]
[Black "Strebkovs, Andrejs"]
[Result "0-1"]
[WhiteElo "2155"]
[BlackElo "2271"]
[PlyCount "70"]
[EventDate "2023.07.15"]
[EventType "swiss"]
[EventRounds "9"]
[EventCountry "CZE"]
[SourceTitle "CBM 215 Extra"]
[Source "ChessBase"]
[SourceDate "2023.09.30"]
[SourceVersion "1"]
[SourceVersionDate "2023.09.30"]
[SourceQuality "1"]

1. c4 b6 2. Nc3 Bb7 3. d4 e6 4. a3 f5 5. Nf3 Nf6 6. d5 Na6 7. b4 Be7 8. g3 0-0 9. Bg2 Ne4 10. Bb2 Bf6 11. Rc1 exd5 12. cxd5 c5 13. 0-0 cxb4 14. axb4 Nxb4 15. Qb3 a5 16. d6+ Kh8 17. Rfd1 Rc8 18. h4 Qe8 19. Nxe4 Rxc1 20. Bxc1 Bxe4 21. Rd2 Qc8 22. Bb2 Qc5 23. Ng5 Bxg5 24. hxg5 Bxg2 25. Kxg2 f4 26. gxf4 Rxf4 27. Qg3 Rf5 28. f4 Nd5 29. Be5 Ne3+ 30. Kh3 Rf8 31. Bd4 Qf5+ 32. Kh4 Nf1 33. Bxg7+ Kxg7 34. Qc3+ Kg6 35. Rd4 h6 0-1

[Event "Wroclaw op-A"]
[Site "Wroclaw"]
[Date "2022.08.04"]
[Round "6"]
[White "Strebkovs, Andrejs"]
[Black "Drozniak, Stanislaw"]
[Result "1-0"]
[WhiteElo "2283"]
[BlackElo "2100"]
[PlyCount "125"]
[EventDate "2022.07.31"]
[EventType "swiss"]
[EventRounds "9"]
[EventCountry "POL"]
[SourceTitle "CBM 209 Extra"]
[Source "ChessBase"]
[SourceDate "2022.09.30"]
[SourceVersion "1"]
[SourceVersionDate "2022.09.30"]
[SourceQuality "1"]

1. e4 c5 2. Nf3 d6 3. Bc4 Nf6 4. d3 e6 5. 0-0 Be7 6. c3 0-0 7. Nbd2 Nc6 8. Re1 Ne5 9. Nxe5 dxe5 10. Nf3 Qc7 11. Bg5 b6 12. Bh4 Rd8 13. Bg3 Bd6 14. Rc1 Bb7 15. Qb3 Nh5 16. Bh4 Re8 17. Bb5 Rec8 18. Bc4 h6 19. Qd1 Nf4 20. Bg3 Nh5 21. Bh4 Nf4 22. Qd2 Be7 23. Bg3 Bg5 24. Qd1 Rd8 25. Nxg5 hxg5 26. Qg4 Nxd3 27. Qxg5 Nf4 28. Rcd1 Bc6 29. f3 b5 30. Bf1 c4 31. h4 Be8 32. Bxf4 exf4 33. e5 Qc5+ 34. Kh2 Qf2 35. Rxd8 Qg3+ 36. Qxg3 fxg3+ 37. Kxg3 Rxd8 38. Re2 Rd1 39. Rf2 Bc6 40. f4 Rb1 41. Kh3 Be4 42. g4 Rd1 43. h5 Bd3 44. Bg2 Bb1 45. a3 Rd8 46. Bc6 a6 47. Kh4 Rc8 48. Bb7 Rb8 49. Bg2 Bd3 50. f5 Rc8 51. fxe6 fxe6 52. Kg5 a5 53. Kf4 b4 54. axb4 axb4 55. Ke3 bxc3 56. bxc3 Rb8 57. Ra2 Rb1 58. g5 Kh7 59. Ra7 Re1+ 60. Kf4 Rg1 61. Bf3 Rf1 62. g6+ Kh6 63. Ra8 1-0

[Event "Wroclaw op-A"]
[Site "Wroclaw"]
[Date "2022.08.03"]
[Round "5"]
[White "Krawiec, Grzegorz"]
[Black "Strebkovs, Andrejs"]
[Result "0-1"]
[WhiteElo "1760"]
[BlackElo "2283"]
[PlyCount "86"]
[EventDate "2022.07.31"]
[EventType "swiss"]
[EventRounds "9"]
[EventCountry "POL"]
[SourceTitle "CBM 209 Extra"]
[Source "ChessBase"]
[SourceDate "2022.09.30"]
[SourceVersion "1"]
[SourceVersionDate "2022.09.30"]
[SourceQuality "1"]

1. e4 c6 2. d4 d5 3. e5 Bf5 4. Bd3 Bxd3 5. Qxd3 e6 6. Ne2 Ne7 7. 0-0 Nd7 8. Ng3 c5 9. c3 Nc6 10. b3 Rc8 11. Na3 Qa5 12. Nc2 c4 13. bxc4 Qa6 14. Rd1 Qxc4 15. Qxc4 dxc4 16. Ba3 Nb6 17. Ne4 Nd5 18. Rab1 b6 19. Rdc1 f5 20. exf6 gxf6 21. Bxf8 Kxf8 22. Ne3 Nxe3 23. fxe3 Ke7 24. Rf1 Rhf8 25. Nd2 Na5 26. Rb5 Nb7 27. Rh5 Rf7 28. e4 Nd6 29. e5 fxe5 30. Rxf7+ Nxf7 31. dxe5 h6 32. Rh4 b5 33. Nf3 b4 34. Nd4 a5 35. cxb4 axb4 36. Ne2 Nxe5 37. Rxh6 c3 38. Nc1 Rd8 39. Rh7+ Kf6 40. Kf2 Rd2+ 41. Ke3 Nc4+ 42. Kf4 Rd1 43. Rc7 Nb6 0-1

[Event "Pardubice Czech op-A 33rd"]
[Site "Pardubice"]
[Date "2022.07.29"]
[Round "8"]
[White "Strebkovs, Andrejs"]
[Black "Finek, Vaclav"]
[Result "0-1"]
[WhiteElo "2283"]
[BlackElo "2393"]
[PlyCount "102"]
[EventDate "2022.07.22"]
[EventType "swiss"]
[EventRounds "9"]
[EventCountry "CZE"]
[SourceTitle "CBM 209 Extra"]
[Source "ChessBase"]
[SourceDate "2022.09.30"]
[SourceVersion "1"]
[SourceVersionDate "2022.09.30"]
[SourceQuality "1"]

1. e4 c5 2. c3 Nf6 3. e5 Nd5 4. Nf3 Nc6 5. Bc4 Nb6 6. Be2 d6 7. exd6 Qxd6 8. d4 cxd4 9. Nxd4 Nxd4 10. cxd4 g6 11. Nc3 Bg7 12. Nb5 Qd8 13. Be3 0-0 14. 0-0 Nd5 15. Nc3 Nxe3 16. fxe3 e5 17. dxe5 Qg5 18. Nd5 Bxe5 19. Qb3 Be6 20. e4 Qh4 21. g3 Qxe4 22. Bf3 Qd4+ 23. Kg2 Qd2+ 24. Kh1 Rad8 25. Rad1 Qxb2 26. Qxb2 Bxb2 27. Rf2 Ba3 28. Rfd2 Kh8 29. Nf4 Rxd2 30. Rxd2 Bc8 31. Rd3 Bc5 32. Rc3 Bd6 33. Nd3 b6 34. Nf2 Be6 35. a3 Rc8 36. Rd3 Rc1+ 37. Kg2 Bc5 38. Be4 Kg7 39. Nd1 Rc2+ 40. Kf3 Rxh2 41. Bc6 Ra2 42. a4 Bf5 43. Rd8 h5 44. Bb5 Ra3+ 45. Kg2 Be4+ 46. Kh3 h4 47. Re8 Bc2 48. Nb2 Rxg3+ 49. Kxh4 Bf2 50. Re2 g5+ 51. Kh5 Bg6# 0-1

[Event "Pardubice Czech op-A 33rd"]
[Site "Pardubice"]
[Date "2022.07.25"]
[Round "4"]
[White "Strebkovs, Andrejs"]
[Black "Lokander, Martin"]
[Result "1/2-1/2"]
[WhiteElo "2283"]
[BlackElo "2483"]
[PlyCount "104"]
[EventDate "2022.07.22"]
[EventType "swiss"]
[EventRounds "9"]
[EventCountry "CZE"]
[SourceTitle "CBM 209 Extra"]
[Source "ChessBase"]
[SourceDate "2022.09.30"]
[SourceVersion "1"]
[SourceVersionDate "2022.09.30"]
[SourceQuality "1"]

1. e4 e5 2. Nf3 Nc6 3. Bc4 Nf6 4. d3 Bc5 5. Nc3 h6 6. a4 d6 7. h3 Be6 8. 0-0 Bxc4 9. dxc4 0-0 10. Re1 Qd7 11. Be3 Bb4 12. Bd2 Bxc3 13. Bxc3 Qe6 14. b3 Ne7 15. Nh2 Nd7 16. Ng4 Qg6 17. Ne3 Nc5 18. f3 Ne6 19. Kh2 Kh8 20. Nd5 Nc6 21. Qd2 f5 22. exf5 Rxf5 23. Re4 Raf8 24. Rg4 Qh5 25. Ne3 R5f7 26. Qe1 Ncd4 27. Bxd4 Nxd4 28. Qh4 Qxh4 29. Rxh4 Rf4 30. Rg4 Kh7 31. Rc1 c6 32. b4 h5 33. Rxf4 exf4 34. Nf1 Re8 35. Rd1 Nxc2 36. Rxd6 Re1 37. Nd2 Ne3 38. g4 Re2+ 39. Kh1 Re1+ 40. Kh2 hxg4 41. hxg4 Re2+ 42. Kg1 Kg8 43. Rd7 b6 44. Ne4 Nxc4 45. Rxa7 Rb2 46. Ng5 g6 47. Rc7 Rxb4 48. Rxc6 Kg7 49. Ne6+ Kf7 50. Ng5+ Kg7 51. Ne6+ Kf7 52. Ng5+ Kg7 1/2-1/2

[Event "Pardubice Czech op-A 33rd"]
[Site "Pardubice"]
[Date "2022.07.24"]
[Round "3"]
[White "Plat, Vojtech"]
[Black "Strebkovs, Andrejs"]
[Result "1/2-1/2"]
[WhiteElo "2554"]
[BlackElo "2283"]
[PlyCount "155"]
[EventDate "2022.07.22"]
[EventType "swiss"]
[EventRounds "9"]
[EventCountry "CZE"]
[SourceTitle "CBM 209 Extra"]
[Source "ChessBase"]
[SourceDate "2022.09.30"]
[SourceVersion "1"]
[SourceVersionDate "2022.09.30"]
[SourceQuality "1"]

1. e4 e6 2. Qe2 c5 3. Nf3 Nc6 4. g3 d6 5. Bg2 g6 6. c3 Bg7 7. 0-0 Nge7 8. Na3 0-0 9. Nc2 Rb8 10. d4 cxd4 11. Nfxd4 Nxd4 12. Nxd4 Nc6 13. Nc2 b5 14. Rd1 Qc7 15. Be3 Ne5 16. b3 f5 17. exf5 gxf5 18. Nd4 Bd7 19. Bg5 Rfe8 20. Rac1 Nf7 21. Qh5 Nxg5 22. Qxg5 Qd8 23. Qd2 Rb6 24. Re1 Qf6 25. Rcd1 Kh8 26. h4 Bh6 27. Qe2 e5 28. Nc2 f4 29. Nb4 fxg3 30. fxg3 Qg7 31. Rd3 Rg8 32. Rf1 Bg4 33. Qe1 Bh5 34. Kh2 Rbb8 35. Nc6 Rbf8 36. Rxf8 Qxf8 37. Nxe5 Qf6 38. Nd7 Qg6 39. Qe4 Qxe4 40. Bxe4 Bg7 41. Rxd6 Re8 42. Bd3 Bxc3 43. Nf6 Bxf6 44. Rxf6 Rd8 45. Bf5 Rd2+ 46. Kg1 Rxa2 47. Rf8+ Kg7 48. Rb8 Bg6 49. Bc8 Bd3 50. Bb7 a5 51. g4 a4 52. bxa4 Rxa4 53. Bf3 h6 54. Rb7+ Kf6 55. Rb6+ Kg7 56. Kf2 Rb4 57. Ke3 Bb1 58. h5 Bc2 59. Be2 Bb1 60. Rd6 Re4+ 61. Kd2 Rb4 62. Rb6 Rb2+ 63. Ke3 b4 64. Bc4 b3 65. Bxb3 Bc2 66. Rb7+ Kf6 67. Rf7+ Kg5 68. Bc4 Kxg4 69. Rg7+ Kxh5 70. Be2+ Kh4 71. Rg4+ Kh3 72. Rg1 Rb4 73. Bf3 Kh4 74. Rg7 Bf5 75. Rg8 Bg4 76. Be4 Kg3 77. Bg6 Rb3+ 78. Kd4 1/2-1/2

[Event "Pardubice rapid op 33rd"]
[Site "Pardubice"]
[Date "2022.07.20"]
[Round "3"]
[White "Strebkovs, Andrejs"]
[Black "Sosnik, Sebastian"]
[Result "1-0"]
[WhiteElo "2283"]
[BlackElo "2255"]
[PlyCount "69"]
[EventDate "2022.07.20"]
[EventType "swiss (rapid)"]
[EventRounds "9"]
[EventCountry "CZE"]
[SourceTitle "CBM 209 Extra"]
[Source "ChessBase"]
[SourceDate "2022.09.30"]
[SourceVersion "1"]
[SourceVersionDate "2022.09.30"]
[SourceQuality "1"]

1. d4 Nf6 2. Nf3 c5 3. dxc5 Na6 4. c4 Nxc5 5. Nc3 g6 6. e3 Bg7 7. Be2 0-0 8. 0-0 b6 9. Nd4 Bb7 10. b3 d5 11. cxd5 Nxd5 12. Bb2 Nxc3 13. Bxc3 e5 14. Nf3 Qe7 15. Rc1 Rfd8 16. Qc2 Ne4 17. Bb2 Rac8 18. Qb1 Rxc1 19. Qxc1 Ng5 20. Rd1 Nxf3+ 21. Bxf3 Bxf3 22. Rxd8+ Qxd8 23. gxf3 Qg5+ 24. Kf1 h5 25. Qc8+ Kh7 26. Qd7 h4 27. Qxf7 h3 28. Ke2 Kh6 29. Qe6 Qf5 30. Qxf5 gxf5 31. f4 e4 32. Bxg7+ Kxg7 33. f3 Kg6 34. fxe4 fxe4 35. Kf2 1-0

[Event "Prague Golden op"]
[Site "Prague"]
[Date "2022.07.16"]
[Round "8"]
[White "Filindash, Nikita"]
[Black "Strebkovs, Andrejs"]
[Result "1/2-1/2"]
[WhiteElo "1543"]
[BlackElo "2283"]
[PlyCount "45"]
[EventDate "2022.07.09"]
[EventType "swiss"]
[EventRounds "9"]
[EventCountry "CZE"]
[SourceTitle "CBM 209 Extra"]
[Source "ChessBase"]
[SourceDate "2022.09.30"]
[SourceVersion "1"]
[SourceVersionDate "2022.09.30"]
[SourceQuality "1"]

1. d4 d6 2. c4 e5 3. d5 f5 4. e4 fxe4 5. Nc3 Nf6 6. Qc2 Bf5 7. Nge2 Na6 8. Ng3 Bg6 9. Be3 Be7 10. Be2 0-0 11. a3 Nc5 12. 0-0 a5 13. Bxc5 dxc5 14. Ncxe4 Nxe4 15. Nxe4 Bd6 16. Bd3 Qh4 17. Rae1 Qh6 18. Re3 Rf4 19. Rh3 Rh4 20. Rxh4 Qxh4 21. Re1 Rf8 22. Re3 Qd8 23. Rh3 1/2-1/2

[Event "Prague Golden op"]
[Site "Prague"]
[Date "2022.07.13"]
[Round "5"]
[White "Strebkovs, Andrejs"]
[Black "Bohatyrov, Mykola"]
[Result "1-0"]
[WhiteElo "2283"]
[BlackElo "1403"]
[PlyCount "79"]
[EventDate "2022.07.09"]
[EventType "swiss"]
[EventRounds "9"]
[EventCountry "CZE"]
[SourceTitle "CBM 209 Extra"]
[Source "ChessBase"]
[SourceDate "2022.09.30"]
[SourceVersion "1"]
[SourceVersionDate "2022.09.30"]
[SourceQuality "1"]

1. d4 Nf6 2. Nf3 g6 3. Bg5 Bg7 4. Nbd2 d5 5. e3 Bf5 6. Be2 Nbd7 7. 0-0 0-0 8. c4 c6 9. Qb3 Qb6 10. c5 Qxb3 11. axb3 Rfe8 12. b4 Ne4 13. Nxe4 dxe4 14. Nd2 a6 15. Nc4 Nf6 16. Na5 Ra7 17. Bc4 e6 18. h3 h5 19. Be2 Kf8 20. Bxf6 Bxf6 21. g4 hxg4 22. hxg4 Ke7 23. gxf5 gxf5 24. Rfd1 Rh8 25. Bc4 Bh4 26. Kg2 Raa8 27. Rh1 f4 28. exf4 Rag8+ 29. Kf1 Rg4 30. Ke2 Rxf4 31. Rh2 Rd8 32. Nxb7 Rxd4 33. Nd6 f5 34. Rah1 Bg5 35. Rd1 e5 36. Rh7+ Kf6 37. Ne8+ Kg6 38. Rg7+ Kh6 39. Rg1 Bh4 40. R7g6+ 1-0

[Event "Prague Golden Rapid op 17th"]
[Site "Prague"]
[Date "2022.07.09"]
[Round "4"]
[White "Civin, Dominik"]
[Black "Strebkovs, Andrejs"]
[Result "0-1"]
[WhiteElo "1775"]
[BlackElo "2272"]
[PlyCount "54"]
[EventDate "2022.07.09"]
[EventType "swiss (rapid)"]
[EventRounds "7"]
[EventCountry "CZE"]
[SourceTitle "CBM 209 Extra"]
[Source "ChessBase"]
[SourceDate "2022.09.30"]
[SourceVersion "1"]
[SourceVersionDate "2022.09.30"]
[SourceQuality "1"]

1. e4 c6 2. d3 g6 3. g3 d5 4. Bd2 Qb6 5. Bg2 Nf6 6. e5 Ng4 7. Qe2 Qxb2 8. Bc3 Qc1+ 9. Qd1 Qxd1+ 10. Kxd1 Nxf2+ 11. Ke2 Nxh1 12. Bxh1 Bg7 13. Nf3 Bg4 14. h3 Bxh3 15. Nbd2 0-0 16. Ke3 c5 17. d4 Nc6 18. Nb3 cxd4+ 19. Bxd4 Rad8 20. Rb1 Bf5 21. Nc5 b6 22. Nd3 Be4 23. Nf4 Nxd4 24. Kxd4 e6 25. Rc1 Rc8 26. c4 Bxf3 27. Bxf3 Rxc4+ 0-1

[Event "Prague Golden Rapid op 17th"]
[Site "Prague"]
[Date "2022.07.09"]
[Round "7"]
[White "Strebkovs, Andrejs"]
[Black "Hajiyev, Kanan"]
[Result "1/2-1/2"]
[WhiteElo "2272"]
[BlackElo "2052"]
[PlyCount "26"]
[EventDate "2022.07.09"]
[EventType "swiss (rapid)"]
[EventRounds "7"]
[EventCountry "CZE"]
[SourceTitle "CBM 209 Extra"]
[Source "ChessBase"]
[SourceDate "2022.09.30"]
[SourceVersion "1"]
[SourceVersionDate "2022.09.30"]
[SourceQuality "1"]

1. d4 d5 2. Nf3 Nf6 3. c4 c6 4. e3 Bf5 5. Bd3 Bxd3 6. Qxd3 e6 7. 0-0 Bd6 8. Nc3 0-0 9. e4 dxe4 10. Nxe4 Nxe4 11. Qxe4 Nd7 12. Rd1 Qf6 13. Bg5 Qg6 1/2-1/2

[Event "Marianske Lazne IM-B2 19th"]
[Site "Marianske Lazne"]
[Date "2020.01.24"]
[Round "8"]
[White "Strebkovs, Andrejs"]
[Black "Nguyen, Alex Dac Vuong"]
[Result "0-1"]
[WhiteElo "2278"]
[BlackElo "2401"]
[PlyCount "60"]
[EventDate "2020.01.18"]
[EventType "tourn"]
[EventRounds "9"]
[EventCountry "CZE"]
[EventCategory "1"]
[SourceTitle "CBM 194 Extra"]
[Source "ChessBase"]
[SourceDate "2020.03.31"]
[SourceVersion "1"]
[SourceVersionDate "2020.03.31"]
[SourceQuality "1"]

1. d4 Nf6 2. c4 c5 3. d5 b5 4. cxb5 a6 5. f3 axb5 6. e4 Qa5+ 7. Bd2 b4 8. Na3 d6 9. Nc4 Qd8 10. a3 e6 11. dxe6 Bxe6 12. axb4 Rxa1 13. Qxa1 d5 14. exd5 Nxd5 15. b5 Be7 16. Qa5 Qc8 17. b3 0-0 18. Bd3 Nb4 19. Be4 Rd8 20. Nb6 Qc7 21. Ne2 Qd6 22. Bxb4 Qd1+ 23. Kf2 Qxh1 24. Bd2 Bh4+ 25. g3 Qxh2+ 26. Ke3 Bg5+ 27. f4 Bg4 28. fxg5 Qxe2+ 29. Kf4 Rd4 30. Be3 Qf3+ 0-1

[Event "Marianske Lazne IM-B2 19th"]
[Site "Marianske Lazne"]
[Date "2020.01.18"]
[Round "1"]
[White "Strebkovs, Andrejs"]
[Black "Jurek, Josef"]
[Result "1/2-1/2"]
[WhiteElo "2278"]
[BlackElo "2235"]
[PlyCount "91"]
[EventDate "2020.01.18"]
[EventType "tourn"]
[EventRounds "9"]
[EventCountry "CZE"]
[EventCategory "1"]
[SourceTitle "CBM 194 Extra"]
[Source "ChessBase"]
[SourceDate "2020.03.31"]
[SourceVersion "1"]
[SourceVersionDate "2020.03.31"]
[SourceQuality "1"]

1. d4 Nf6 2. c4 e6 3. Nf3 b6 4. g3 Ba6 5. b3 Bb4+ 6. Bd2 Be7 7. Bg2 c6 8. Bc3 d5 9. Ne5 Nfd7 10. Nxd7 Nxd7 11. Nd2 0-0 12. 0-0 Nf6 13. Re1 Rb8 14. e4 b5 15. e5 Nd7 16. c5 b4 17. Bb2 Bd3 18. Nf1 Bg6 19. Ne3 f6 20. f4 fxe5 21. fxe5 Bg5 22. h4 Bxe3+ 23. Rxe3 Rb7 24. a3 bxa3 25. Rxa3 Qe7 26. Qe1 Bh5 27. b4 Bg4 28. Bc3 Qf7 29. Ra2 Qg6 30. Qa1 Qf5 31. Qf1 Qg6 32. Rf2 Rxf2 33. Qxf2 Nf8 34. Re1 Rf7 35. Qe3 Qc2 36. Rf1 Rxf1+ 37. Bxf1 Bf5 38. Qd2 Qb1 39. Kf2 Ng6 40. Qb2 Qe4 41. h5 Nf4 42. gxf4 Qxf4+ 43. Kg1 Qe3+ 44. Kh2 Qf4+ 45. Kg1 Qe3+ 46. Kh2 1/2-1/2

[Event "Prague op-A 19th"]
[Site "Prague"]
[Date "2020.01.16"]
[Round "8"]
[White "Shehzad, Shazil Khan"]
[Black "Strebkovs, Andrejs"]
[Result "0-1"]
[WhiteElo "2162"]
[BlackElo "2278"]
[PlyCount "108"]
[EventDate "2020.01.10"]
[EventType "swiss"]
[EventRounds "9"]
[EventCountry "CZE"]
[SourceTitle "CBM 194 Extra"]
[Source "ChessBase"]
[SourceDate "2020.03.31"]
[SourceVersion "1"]
[SourceVersionDate "2020.03.31"]
[SourceQuality "1"]

1. e4 d6 2. d4 g6 3. Nc3 c6 4. f4 d5 5. e5 h5 6. Nf3 Nh6 7. Be3 Bg4 8. h3 Nf5 9. Bf2 Bxf3 10. Qxf3 h4 11. Bd3 e6 12. 0-0 Nd7 13. Ne2 Be7 14. b3 Kf8 15. c4 a5 16. Rab1 Kg7 17. Rfc1 Qb8 18. Kh2 Nb6 19. Bxf5 gxf5 20. g4 hxg3+ 21. Qxg3+ Kf8 22. Rg1 Ke8 23. Nc3 Kd7 24. c5 Nc8 25. Qg7 Rf8 26. Na4 Ra6 27. Bh4 Ke8 28. Bxe7 Nxe7 29. Nb6 Qd8 30. Rbd1 Rxb6 31. cxb6 Qxb6 32. Qg3 Ng6 33. Qf2 Rh8 34. Rd3 Qd8 35. Rg5 Kd7 36. Qg3 Qf8 37. Kg1 Qa3 38. Rd1 Qxa2 39. Qe3 Qc2 40. Re1 Qe4 41. Qxe4 dxe4 42. Rg3 Nxf4 43. Kh2 Nd5 44. Reg1 Nf4 45. Re1 Ng6 46. Rg2 Kc7 47. Ra2 Rd8 48. Ra4 b6 49. Kg3 Rg8 50. Kh2 Nh4 51. Rd1 Rg2+ 52. Kh1 Rb2 53. Rda1 Rxb3 54. R4a3 Rb4 0-1